El contrato de arrendamiento de inmuebles y el nuevo proceso de restitución : (Registro nro. 7337)
[ vista simple ]
| 000 -LEADER | |
|---|---|
| fixed length control field | 01482cam a2200253 a 4500 |
| 003 - CONTROL NUMBER IDENTIFIER | |
| control field | OSt |
| 005 - DATE AND TIME OF LATEST TRANSACTION | |
| control field | 20210225160422.0 |
| 008 - FIXED-LENGTH DATA ELEMENTS--GENERAL INFORMATION | |
| fixed length control field | 050829s2004 ck rl 000 0 spa d |
| 020 ## - INTERNATIONAL STANDARD BOOK NUMBER | |
| International Standard Book Number | 9583504807 |
| 040 ## - CATALOGING SOURCE | |
| Original cataloging agency | CO-BoPUJ |
| Transcribing agency | CO-JMCR |
| 041 0# - LANGUAGE CODE | |
| Language code of text/sound track or separate title | spa |
| 082 04 - DEWEY DECIMAL CLASSIFICATION NUMBER | |
| Classification number | 346.04346 / |
| Item number | C235c |
| Edition number | 23 |
| 100 1# - MAIN ENTRY--PERSONAL NAME | |
| Personal name | Castaño García, José Ignacio |
| Relator term | autor |
| 9 (RLIN) | 13968 |
| 245 13 - TITLE STATEMENT | |
| Title | El contrato de arrendamiento de inmuebles y el nuevo proceso de restitución : |
| Remainder of title | Ley 820 de 2003 y decretos reglamentarios / |
| Statement of responsibility, etc. | José Ignacio Castaño García |
| 260 ## - PUBLICATION, DISTRIBUTION, ETC. | |
| Place of publication, distribution, etc. | Bogotá : |
| Name of publisher, distributor, etc. | Temis, |
| Date of publication, distribution, etc. | 2004. |
| 300 ## - PHYSICAL DESCRIPTION | |
| Extent | xxi, 296 páginas ; |
| Dimensions | 23 cm. |
| 504 ## - BIBLIOGRAPHY, ETC. NOTE | |
| Bibliography, etc. note | Incluye referencias bibliográficas. |
| 505 0# - FORMATTED CONTENTS NOTE | |
| Formatted contents note | Relación cronológica de las normas sobre arrendamiento -- Análisis de los elementos contractuales regulados en laleyn820 de 2003 -- Estudio del nuevo sistema de control y vigilancia en materia de arrendamientos -- Régimen especial para ejercer la actividad de arrendamiento de inmueble -- Arrendamiento de locales comerciales -- Restitución judicial de inmuebles arrendados para vivienda urbana -- De la conciliación extra judicial -- en derecho aplicable a los conflictos por arrendamiento de vivienda urbana -- Anexo normativo |
| 610 14 - SUBJECT ADDED ENTRY--CORPORATE NAME | |
| Corporate name or jurisdiction name as entry element | Colombia |
| Title of a work | Ley 820 de 2003 (julio 10) |
| 9 (RLIN) | 13969 |
| 650 24 - SUBJECT ADDED ENTRY--TOPICAL TERM | |
| Topical term or geographic name entry element | Contratos (Derecho civil) |
| Geographic subdivision | Colombia |
| 9 (RLIN) | 13970 |
| 650 24 - SUBJECT ADDED ENTRY--TOPICAL TERM | |
| Topical term or geographic name entry element | Arrendamiento |
| General subdivision | Legislación |
| Geographic subdivision | Colombia |
| 9 (RLIN) | 13971 |
| 650 24 - SUBJECT ADDED ENTRY--TOPICAL TERM | |
| Topical term or geographic name entry element | Contratos de arrendamiento |
| General subdivision | Legislación |
| Geographic subdivision | Colombia |
| 9 (RLIN) | 13972 |
| 942 ## - ADDED ENTRY ELEMENTS (KOHA) | |
| Source of classification or shelving scheme | Dewey Decimal Classification |
| Koha item type | Books |
| Withdrawn status | Lost status | Source of classification or shelving scheme | Damaged status | Not for loan | Home library | Current library | Shelving location | Date acquired | Source of acquisition | Total Checkouts | Full call number | Barcode | Date last seen | Copy number | Price effective from | Koha item type |
|---|---|---|---|---|---|---|---|---|---|---|---|---|---|---|---|---|
| Dewey Decimal Classification | Biblioteca Pública José María del Castillo y Rada | Biblioteca Pública José María del Castillo y Rada | General Stacks | 02/25/2021 | Donación | 346.04346 / C235c | 201810601 | 05/16/2024 | Ej.1 | Books |